[Event "Paulista-ch"]
[Site "Sao Paulo"]
[Date "2018.11.10"]
[Round "4"]
[White "Blanco, Paulo Renato"]
[Black "Chiquito Neto, Alexandre"]
[Result "1-0"]
[WhiteElo "1481"]
[BlackElo "1084"]
[PlyCount "109"]
[EventDate "2018.11.09"]
[EventType "swiss"]
[EventRounds "6"]
[EventCountry "BRA"]
[SourceTitle "CBM 187 Extra"]
[Source "ChessBase"]
[SourceDate "2018.11.04"]
[SourceVersion "1"]
[SourceVersionDate "2018.11.04"]
[SourceQuality "1"]

1. e4 d5 2. e5 Nc6 3. Nf3 Bg4 4. h3 Bxf3 5. Qxf3 Nxe5 6. Qc3 d4 7. Qg3 Nc6 8. Bb5 Qd7 9. 0-0 0-0-0 10. a4 a6 11. Be2 e5 12. Bg4 f5 13. Be2 Nf6 14. d3 Bd6 15. Qg5 h6 16. Qd2 e4 17. Qd1 Rhe8 18. Na3 Qe6 19. Nc4 Re7 20. b3 Rde8 21. Ba3 Bxa3 22. Nxa3 e3 23. f3 Nb4 24. Qe1 Nbd5 25. Qh4 Nc3 26. Rfe1 g6 27. Qxd4 Qc6 28. Nb5 Nxe2+ 29. Rxe2 axb5 30. axb5 Qd5 31. Qxf6 Qxb5 32. Qd4 b6 33. c4 Qe5 34. Ra8+ Kb7 35. Qxe5 Rxe5 36. Ra3 c5 37. f4 R5e6 38. Ra1 Rd8 39. Rd1 Ra8 40. Kh2 Ra3 41. Rb1 Ka6 42. Kg3 Ka5 43. Rbe1 Rxb3 44. Rxe3 Rxe3+ 45. Rxe3 g5 46. Kf3 Kb4 47. g4 fxg4+ 48. Kxg4 Kc3 49. f5 Ra3 50. f6 Ra8 51. Kf5 Kd4 52. Rf3 Rf8 53. Ke6 h5 54. Ke7 Rh8 55. f7 1-0

[Event "Sao Paulo STD U2200 op 2nd"]
[Site "Sao Paulo"]
[Date "2018.09.09"]
[Round "5"]
[White "Blanco, Paulo Renato"]
[Black "Santana, Expedito"]
[Result "1-0"]
[WhiteElo "1449"]
[BlackElo "1551"]
[PlyCount "89"]
[EventDate "2018.09.08"]
[EventType "swiss"]
[EventRounds "6"]
[EventCountry "BRA"]
[SourceTitle "EXT 2021"]
[Source "ChessBase"]
[SourceDate "2020.10.23"]
[SourceVersion "1"]
[SourceVersionDate "2020.10.23"]
[SourceQuality "1"]

1. e4 c6 2. f4 d5 3. e5 e6 4. Qh5 g6 5. Qh3 Bg7 6. Nf3 Ne7 7. g4 c5 8. Na3 a6 9. Qg2 b5 10. Ng5 Nec6 11. h4 Nd7 12. c4 bxc4 13. Nxc4 Nd4 14. Nd6+ Ke7 15. Ndxf7 Qc7 16. Bd3 Rf8 17. h5 Rxf7 18. Nxf7 Kxf7 19. hxg6+ hxg6 20. Rh7 Bb7 21. Qh3 Nf8 22. Rh4 c4 23. Qe3 Nc6 24. Bb1 Rd8 25. d4 cxd3 26. Bxd3 Nb4 27. Qd2 Nxd3+ 28. Qxd3 Rc8 29. Rh2 Qc4 30. Qxc4 Rxc4 31. Rh3 Nd7 32. b3 Rc8 33. Ba3 Bc6 34. Rc3 Nxe5 35. fxe5 Bxe5 36. Rf3+ Kg7 37. Rc1 Bd7 38. Rxc8 Bxc8 39. Rf8 Bd7 40. Ra8 Bb5 41. Bb4 Kf6 42. a4 Bg3+ 43. Kd1 Bf1 44. Rf8+ Kg5 45. Rxf1 1-0

[Event "Aldeia de Barueri op"]
[Site "Aldeia de Barueri"]
[Date "2017.08.06"]
[Round "5"]
[White "Kikuchi Cadilhac, Mariana Sawae"]
[Black "Blanco, Paulo Renato"]
[Result "1-0"]
[WhiteElo "1562"]
[BlackElo "1800"]
[PlyCount "55"]
[EventDate "2017.08.04"]
[EventType "swiss"]
[EventRounds "6"]
[EventCountry "BRA"]
[SourceTitle "CBM 180 Extra"]
[Source "ChessBase"]
[SourceDate "2017.10.06"]
[SourceVersion "1"]
[SourceVersionDate "2017.10.06"]
[SourceQuality "1"]

1. e4 c5 2. Nc3 Nc6 3. g3 e5 4. Bg2 Nf6 5. d3 h6 6. f4 d6 7. Nf3 Bg4 8. h3 Bxf3 9. Bxf3 g6 10. 0-0 Bg7 11. Bg2 Qd7 12. a4 0-0-0 13. a5 a6 14. Na4 Kb8 15. fxe5 dxe5 16. Be3 c4 17. Bb6 Rdf8 18. dxc4 Qe6 19. Nc5 Qxc4 20. Ra4 Qb5 21. Rxf6 Nd4 22. Bf1 Qxb2 23. Nxa6+ bxa6 24. Ba7+ Kc8 25. Bxa6+ Kd7 26. Rb6 Qxc2 27. Rxd4+ exd4 28. Qxc2 1-0

[Event "Aldeia de Barueri op"]
[Site "Aldeia de Barueri"]
[Date "2017.08.05"]
[Round "4"]
[White "Blanco, Paulo Renato"]
[Black "Seccafim, Caic Dos Santos"]
[Result "1/2-1/2"]
[WhiteElo "1800"]
[BlackElo "1589"]
[PlyCount "55"]
[EventDate "2017.08.04"]
[EventType "swiss"]
[EventRounds "6"]
[EventCountry "BRA"]
[SourceTitle "CBM 180 Extra"]
[Source "ChessBase"]
[SourceDate "2017.10.06"]
[SourceVersion "1"]
[SourceVersionDate "2017.10.06"]
[SourceQuality "1"]

1. e4 e5 2. Nc3 Nc6 3. a3 Bc5 4. Nf3 d6 5. h3 Nf6 6. d3 h6 7. Be2 Be6 8. Na4 Bb6 9. c4 0-0 10. Nxb6 axb6 11. 0-0 Ne7 12. Nh2 Ng6 13. f4 exf4 14. Bxf4 Nxf4 15. Rxf4 Nh7 16. Qf1 c6 17. Rd1 Ra5 18. Bg4 Nf6 19. Qe2 Nxg4 20. Nxg4 Qg5 21. Qf2 Bxg4 22. Rxg4 Qe7 23. Qe3 f5 24. Rf4 fxe4 25. Rxe4 Re5 26. Re1 Rxe4 27. Qxe4 Qxe4 28. Rxe4 1/2-1/2

[Event "Aldeia de Barueri op"]
[Site "Aldeia de Barueri"]
[Date "2017.08.04"]
[Round "2"]
[White "Blanco, Paulo Renato"]
[Black "Machado, Antonio Rodrigo"]
[Result "0-1"]
[WhiteElo "1800"]
[BlackElo "1666"]
[PlyCount "48"]
[EventDate "2017.08.04"]
[EventType "swiss"]
[EventRounds "6"]
[EventCountry "BRA"]
[SourceTitle "CBM 180 Extra"]
[Source "ChessBase"]
[SourceDate "2017.10.06"]
[SourceVersion "1"]
[SourceVersionDate "2017.10.06"]
[SourceQuality "1"]

1. e4 e5 2. Nc3 Nf6 3. Nf3 Nc6 4. a3 a6 5. Bc4 Bc5 6. d3 d6 7. h3 Be6 8. Ba2 0-0 9. Bg5 Qe7 10. Ne2 h6 11. Bh4 Rad8 12. d4 exd4 13. Nexd4 Nxd4 14. Nxd4 Bxa2 15. Bxf6 Qxf6 16. c3 Be6 17. 0-0 d5 18. e5 Qxe5 19. Re1 Qf6 20. Re3 Bc8 21. Qd2 Bd6 22. Rf3 Qe5 23. Rg3 Rfe8 24. Qxh6 Qxg3 0-1